| 000 | 00685nam a22001937a 4500 | ||
|---|---|---|---|
| 005 | 20180216122049.0 | ||
| 010 | _aENG-122283 | ||
| 020 |
_a9788183877428 _c1950.00 |
||
| 035 | _aEN-105815 | ||
| 037 | _bDBAD/PUB | ||
| 082 | _a201.661 | ||
| 100 | _aKaur, Gurinder | ||
| 245 |
_aReligion and Health: _cby Gurinder kaur _bnarratives on faith healing / |
||
| 260 |
_aNew Delhi _bSerials Publications _c2016 |
||
| 270 |
_a4830/24, Prahlad Street, Ansari Road Daryaganj _bNew Delhi _e110002 _k23245225 _mserials@mail.com _l911123272135 |
||
| 300 |
_aix, 541p. _c22cm(hbk) |
||
| 500 | _aIt includes bibliographical references and index | ||
| 942 |
_2ddc _cEN _h201.661 _mKAU |
||
| 999 |
_c149978 _d149978 |
||